Biblioteki Polonii Amerykańskiej
Biblioteka Instytutu Józefa Piłsudskiego w Ameryce
Library of the Józef Piłsudski Institute of America
Biblioteka imienia Alfreda Jurzykowskiego Polskiego Instytutu Naukowego w Ameryce
The Alfred Jurzykowski Memorial Library of the Polish Institute of Arts & Sciences of America
Biblioteka Marjanczyków Polskiej Fundacji Kulturalnej
The Marjanczyk Library of the Polish Cultural Foundation

Biblioteka Fundacji Kościuszkowskiej
Library of the Kosciuszko Foundation

Niechciana wojna : (Record no. 91122)

MARC details
000 -LEADER
fixed length control field 02364nam a2200589 i 4500
001 - CONTROL NUMBER
control field 991053175066305066
003 - CONTROL NUMBER IDENTIFIER
control field NyNyJPI
005 - DATE AND TIME OF LATEST TRANSACTION
control field 20260417145733.0
008 - FIXED-LENGTH DATA ELEMENTS--GENERAL INFORMATION
fixed length control field 260401s2026 pl bho |001 0dpol c
009 - PHYSICAL DESCRIPTION FIXED-FIELD FOR ARCHIVAL COLLECTION (VM) [OBSOLETE]
fixed length control field b1000007739808
020 ## - INTERNATIONAL STANDARD BOOK NUMBER
International Standard Book Number 9788383321431
Qualifying information (oprawa twarda ;
-- Wydaw. UO)
020 ## - INTERNATIONAL STANDARD BOOK NUMBER
International Standard Book Number 9788364938542
Qualifying information (oprawa twarda ;
-- WBP)
035 ## - SYSTEM CONTROL NUMBER
System control number (PL)b1000007739808
035 ## - SYSTEM CONTROL NUMBER
System control number (EXLNZ-48OMNIS_NETWORK)9915362371805606
040 ## - CATALOGING SOURCE
Original cataloging agency WA N
Transcribing agency WA N
Modifying agency WA N
-- WA M
-- KR U
045 2# - TIME PERIOD OF CONTENT
Formatted 9999 B.C. through C.E. time period d1989
-- d1919
046 ## - SPECIAL CODED DATES
Beginning or single date created 2026
080 ## - UNIVERSAL DECIMAL CLASSIFICATION NUMBER
Field link and sequence number 1.1\x
Universal Decimal Classification number 94(47+57)"19"
080 ## - UNIVERSAL DECIMAL CLASSIFICATION NUMBER
Field link and sequence number 1.2\x
Universal Decimal Classification number 355.1(73)
080 ## - UNIVERSAL DECIMAL CLASSIFICATION NUMBER
Field link and sequence number 1.2\x
Universal Decimal Classification number 355.1(438)
084 ## - OTHER CLASSIFICATION NUMBER
Classification number 01
245 00 - TITLE STATEMENT
Title Niechciana wojna :
Remainder of title wyprawa "Polar Bears" do Archangielska (1918-1919) : jej wymiar polityczno-historyczny /
Statement of responsibility, etc. Danuta Piątkowska, Wiesława Piątkowska-Stepaniak.
246 30 - VARYING FORM OF TITLE
Title proper/short title Wyprawa "Polar Bears" do Archangielska (1918-1919) :
Remainder of title jej wymiar polityczno-historyczny
250 ## - EDITION STATEMENT
Edition statement Wydanie I.
260 ## - PUBLICATION, DISTRIBUTION, ETC.
Place of publication, distribution, etc. Opole :
Name of publisher, distributor, etc. Wydawnictwo Uniwersytetu Opolskiego :
-- Wojewódzka Biblioteka Publiczna im. Emanuela Smołki w Opolu,
Date of publication, distribution, etc. 2026.
300 ## - PHYSICAL DESCRIPTION
Extent 386 strony :
Other physical details faksymilia, fotografie, mapy ;
Dimensions 25 cm.
336 ## - CONTENT TYPE
Content type term Tekst
Content type code txt
Source rdacontent
337 ## - MEDIA TYPE
Media type term Bez urządzenia pośredniczącego
Media type code n
Source rdamedia
338 ## - CARRIER TYPE
Carrier type term Wolumin
Carrier type code nc
Source rdacarrier
380 ## - FORM OF WORK
Form of work Książki
380 ## - FORM OF WORK
Form of work Publikacje naukowe
388 1# - TIME PERIOD OF CREATION
Time period of creation term 2001-
504 ## - BIBLIOGRAPHY, ETC. NOTE
Bibliography, etc. note Bibliografia, netografia na stronach 355-366. Indeks.
536 ## - FUNDING INFORMATION NOTE
Text of note Współfinansowanie: Okręg 2 w Nowym Jorku (Stowarzyszenie Weteranów Armii Polskiej w Ameryce), Samorząd Województwa Opolskiego
610 27 - SUBJECT ADDED ENTRY--CORPORATE NAME
Corporate name or jurisdiction name as entry element American Expeditionary Forces
Source of heading or term DBN
648 #7 - SUBJECT ADDED ENTRY--CHRONOLOGICAL TERM
Chronological term 1901-2000
Source of heading or term DBN
648 #7 - SUBJECT ADDED ENTRY--CHRONOLOGICAL TERM
Chronological term 1918-1939
Source of heading or term DBN
650 #7 - SUBJECT ADDED ENTRY--TOPICAL TERM
Topical term or geographic name entry element Interwencja syberyjska (1918-1920)
Source of heading or term DBN
650 #7 - SUBJECT ADDED ENTRY--TOPICAL TERM
Topical term or geographic name entry element Polacy
Source of heading or term DBN
650 #7 - SUBJECT ADDED ENTRY--TOPICAL TERM
Topical term or geographic name entry element Wojna domowa w Rosji (1917-1923)
Source of heading or term DBN
651 #7 - SUBJECT ADDED ENTRY--GEOGRAPHIC NAME
Geographic name Archangielsk (Rosja)
Source of heading or term DBN
651 #7 - SUBJECT ADDED ENTRY--GEOGRAPHIC NAME
Geographic name Michigan (Stany Zjednoczone ; stan)
Source of heading or term DBN
651 #7 - SUBJECT ADDED ENTRY--GEOGRAPHIC NAME
Geographic name Rosja
Source of heading or term DBN
651 #7 - SUBJECT ADDED ENTRY--GEOGRAPHIC NAME
Geographic name Stany Zjednoczone (USA)
Source of heading or term DBN
655 #7 - INDEX TERM--GENRE/FORM
Genre/form data or focus term Opracowanie
Source of term DBN
658 ## - INDEX TERM--CURRICULUM OBJECTIVE
Main curriculum objective Historia
700 1# - ADDED ENTRY--PERSONAL NAME
Personal name Piątkowska-Koźlik, Danuta
Relator term Autor
700 1# - ADDED ENTRY--PERSONAL NAME
Personal name Piątkowska-Stepaniak, Wiesława
Relator term Autor
710 2# - ADDED ENTRY--CORPORATE NAME
Corporate name or jurisdiction name as entry element Wydawnictwo Uniwersytetu Opolskiego
Relator term Wydawca
Relationship pbl
710 2# - ADDED ENTRY--CORPORATE NAME
Corporate name or jurisdiction name as entry element Wojewódzka Biblioteka Publiczna im. Emanuela Smołki (Opole)
Relator term Wydawca
Relationship pbl
942 ## - ADDED ENTRY ELEMENTS (KOHA)
Source of classification or shelving scheme Other/Generic Classification Scheme
Koha item type Books
Suppress in OPAC No
Holdings
Withdrawn status Lost status Source of classification or shelving scheme Damaged status Not for loan Home library Current library Date acquired Total checkouts Full call number Date last seen Price effective from Koha item type
    Other/Generic Classification Scheme   Not for loan Józef Piłsudski Institute Józef Piłsudski Institute 04/17/2026   K 1861 04/17/2026 04/17/2026 Books